Introduction to management in the hospitality industry / (Record no. 7001)
[ view plain ]
| 000 -LEADER | |
|---|---|
| fixed length control field | 00726nam a22002292 4500 |
| 001 - CONTROL NUMBER | |
| control field | 0000005322 |
| 005 - DATE AND TIME OF LATEST TRANSACTION | |
| control field | 20151217152001.0 |
| 008 - FIXED-LENGTH DATA ELEMENTS--GENERAL INFORMATION | |
| fixed length control field | 070611s xx 000 0 eng d |
| 020 ## - INTERNATIONAL STANDARD BOOK NUMBER | |
| International Standard Book Number | 0471252034 : |
| Terms of availability | KES 600 |
| 040 ## - CATALOGING SOURCE | |
| Original cataloging agency | KABU |
| Transcribing agency | KABU |
| 050 #0 - LIBRARY OF CONGRESS CALL NUMBER | |
| Classification number | TX911.3 |
| Item number | .M27P69 1999 |
| 100 1# - MAIN ENTRY--PERSONAL NAME | |
| Personal name | Powers, Tom. |
| -- | 0000034465 |
| 245 10 - TITLE STATEMENT | |
| Title | Introduction to management in the hospitality industry / |
| Statement of responsibility, etc. | Tom Powers, Clayton W. Barrows. |
| 250 ## - EDITION STATEMENT | |
| Edition statement | 6th ed. |
| 260 ## - PUBLICATION, DISTRIBUTION, ETC. (IMPRINT) | |
| Place of publication, distribution, etc. | New York : |
| Name of publisher, distributor, etc. | John Wiley, |
| Date of publication, distribution, etc. | 1999. |
| 300 ## - PHYSICAL DESCRIPTION | |
| Extent | xxx, 626 p. |
| 650 #0 - SUBJECT ADDED ENTRY--TOPICAL TERM | |
| Topical term or geographic name as entry element | Hospitality industry |
| General subdivision | Management. |
| -- | 0000156547 |
| 700 1# - ADDED ENTRY--PERSONAL NAME | |
| Personal name | Barrows, Clayton W. |
| -- | 0000156553 |
| 908 ## - PUT COMMAND PARAMETER (RLIN) | |
| Put command parameter | 070611 |
| 950 ## - LOCAL HOLDINGS (RLIN) | |
| -- | 1 |
| Withdrawn status | Lost status | Source of classification or shelving scheme | Not for loan | Home library | Current library | Date acquired | Total Checkouts | Full call number | Barcode | Date last seen | Date last checked out | Price effective from | Koha item type |
|---|---|---|---|---|---|---|---|---|---|---|---|---|---|
| Library of Congress Classification | Kabarak, Main Campus | Kabarak, Main Campus | 17/12/2015 | 2 | TX911.3 .M27P69 1999 | 009571 | 03/11/2021 | 20/09/2021 | 17/12/2015 | General Collection |